<?xml version="1.0" encoding="UTF-8"?>
<record
    xmlns:xsi="http://www.w3.org/2001/XMLSchema-instance"
    xsi:schemaLocation="http://www.loc.gov/MARC21/slim http://www.loc.gov/standards/marcxml/schema/MARC21slim.xsd"
    xmlns="http://www.loc.gov/MARC21/slim">

  <leader>02186nam a22002297a 4500</leader>
  <controlfield tag="003">OSt</controlfield>
  <controlfield tag="005">20240826132127.0</controlfield>
  <controlfield tag="008">190801b        xxu||||| |||| 00| 0 eng d</controlfield>
  <datafield tag="020" ind1=" " ind2=" ">
    <subfield code="a">9780323067843</subfield>
  </datafield>
  <datafield tag="040" ind1=" " ind2=" ">
    <subfield code="c">LC</subfield>
  </datafield>
  <datafield tag="050" ind1=" " ind2=" ">
    <subfield code="a">RT41.P84</subfield>
  </datafield>
  <datafield tag="100" ind1=" " ind2=" ">
    <subfield code="a">Potter, Patricia A.</subfield>
    <subfield code="9">195</subfield>
  </datafield>
  <datafield tag="245" ind1=" " ind2=" ">
    <subfield code="a">Fundamentals of nursing. </subfield>
    <subfield code="c">Patricia A. Potter and Anne Griffin Perry.</subfield>
  </datafield>
  <datafield tag="250" ind1=" " ind2=" ">
    <subfield code="a">7th ed.</subfield>
  </datafield>
  <datafield tag="260" ind1=" " ind2=" ">
    <subfield code="a">St. Louis, Missouri:</subfield>
    <subfield code="b">Elsevier,</subfield>
    <subfield code="c">2021.</subfield>
  </datafield>
  <datafield tag="300" ind1=" " ind2=" ">
    <subfield code="a">xvi, 1424p.:</subfield>
    <subfield code="b">ill;</subfield>
    <subfield code="c">28cm.</subfield>
  </datafield>
  <datafield tag="505" ind1=" " ind2=" ">
    <subfield code="a">Contents :Nursing and the health care environment: Nursing today -- The health care delivery system -- Community-based nursing practice -- Theoretical foundations of nursing practice -- Evidence -based practice -- Caring throughout the life span: Health and wellness -- Caring in nursing practice -- Caring for patients with chronic illness -- Cultural competence -- Family dynamics -- Developmental theories --Conception through adolescence -- Young and middle adult -- Older adult -- Critical thinking in nursing practice: Critical thinking in nursing practice -- Nursing assessment -- Nursing diagnosis -- Planning nursing care -- Implementing nursing care -- Evaluation -- Managing client care -- Professional standards in nursing practice: Ethics and values -- Legal implications in nursing practice --  Communication -- Patient education --  Informatics and documentation -- Foundation for nursing practice -- Patient safety and quality -- Infection prevention and control -- Vital signs -- Health assessment and physical examination -- Meditation administration -- Complementary therapies and integrative health -- Psychosocial basics for nursing practice: Self concept -- Sexuality -- Spiritual health -- Loss and grief -- Stress and coping -- Physiological basics for nursing practice : activity and exercise -- immobility --  Hygiene -- Oxygenation -- Fluid, electrolyte and acid-base balance -- Sleep -- Pain management -- Nutrition -- Urinary elimination -- Bowel elimination -- Skin integrity and wound care -- Sensory alterations -- Perioperative nursing care.</subfield>
    <subfield code="g"> </subfield>
  </datafield>
  <datafield tag="650" ind1=" " ind2=" ">
    <subfield code="2">Nursing</subfield>
  </datafield>
  <datafield tag="650" ind1=" " ind2=" ">
    <subfield code="2">Nursing care</subfield>
  </datafield>
  <datafield tag="700" ind1=" " ind2=" ">
    <subfield code="a">Perry, Anne Griffin</subfield>
    <subfield code="9">110</subfield>
  </datafield>
  <datafield tag="942" ind1=" " ind2=" ">
    <subfield code="2">lcc</subfield>
    <subfield code="c">BK</subfield>
  </datafield>
  <datafield tag="999" ind1=" " ind2=" ">
    <subfield code="c">9157</subfield>
    <subfield code="d">16657</subfield>
  </datafield>
  <datafield tag="952" ind1=" " ind2=" ">
    <subfield code="0">0</subfield>
    <subfield code="1">0</subfield>
    <subfield code="2">lcc</subfield>
    <subfield code="4">0</subfield>
    <subfield code="7">0</subfield>
    <subfield code="a">WIUC-KL</subfield>
    <subfield code="b">WIUC-KL</subfield>
    <subfield code="c">NURS L.</subfield>
    <subfield code="d">2019-11-28</subfield>
    <subfield code="o">RT41.P84(7e)</subfield>
    <subfield code="p">KSN/874/874/19</subfield>
    <subfield code="r">2022-08-18 00:00:00</subfield>
    <subfield code="t">1</subfield>
    <subfield code="w">2022-08-18</subfield>
    <subfield code="y">BK</subfield>
  </datafield>
  <datafield tag="952" ind1=" " ind2=" ">
    <subfield code="0">0</subfield>
    <subfield code="1">0</subfield>
    <subfield code="2">lcc</subfield>
    <subfield code="4">0</subfield>
    <subfield code="7">0</subfield>
    <subfield code="a">WIUC-KL</subfield>
    <subfield code="b">WIUC-KL</subfield>
    <subfield code="c">NURS L.</subfield>
    <subfield code="d">2019-11-28</subfield>
    <subfield code="o">RT41.P841(7e)</subfield>
    <subfield code="p">KSN/880/880/19</subfield>
    <subfield code="r">2022-08-18 00:00:00</subfield>
    <subfield code="t">2</subfield>
    <subfield code="w">2022-08-18</subfield>
    <subfield code="y">BK</subfield>
  </datafield>
  <datafield tag="952" ind1=" " ind2=" ">
    <subfield code="0">0</subfield>
    <subfield code="1">0</subfield>
    <subfield code="2">lcc</subfield>
    <subfield code="4">0</subfield>
    <subfield code="7">0</subfield>
    <subfield code="a">WIUC-KL</subfield>
    <subfield code="b">WIUC-KL</subfield>
    <subfield code="c">NURS L.</subfield>
    <subfield code="d">2023-02-09</subfield>
    <subfield code="l">0</subfield>
    <subfield code="o">RT41.P842(7e)</subfield>
    <subfield code="p">KSN/1155/102/23</subfield>
    <subfield code="r">2023-04-21 00:00:00</subfield>
    <subfield code="t">3</subfield>
    <subfield code="w">2022-08-18</subfield>
    <subfield code="y">BK</subfield>
  </datafield>
</record>
